[Event "EU-chT Seniors 05th"]
[Site "Dresden"]
[Date "2003.02.25"]
[Round "3.1"]
[White "Biebinger, Gerhard"]
[Black "Wiemer, Juergen"]
[Result "1-0"]
[WhiteElo "2376"]
[BlackElo "2043"]
[EventDate "2003.02.23"]
[PlyCount "69"]

1.d4 Nf6 2.c4 e6 3.Nc3 d5 4.Nf3 Be7 5.Bg5 h6 6.Bh4 O-O 7.e3 c6 8.Qc2 Nbd7 
9.Rd1 Re8 10.a3 Qa5 11.Bd3 dxc4 12.Bxc4 b5 13.Bd3 b4 14.axb4 Bxb4 15.O-O 
Ba6 16.Bxa6 Qxa6 17.e4 Qc4 18.Bxf6 Nxf6 19.Ne5 Qa6 20.Rfe1 Qb7 21.Nc4 Red8
22.f3 Rab8 23.Kh1 c5 24.dxc5 Bxc5 25.Rxd8+ Rxd8 26.e5 Nd5 27.Rd1 Qb4 28.
Qe2 Rd7 29.Qf1 Bb6 30.g3 Rc7 31.Nxb6 Nxc3 32.Rd8+ Kh7 33.Nd7 Rxd7 34.Rxd7 
Nd5 35.Qb1+ 1-0

[Event "EU-chT Seniors 05th"]
[Site "Dresden"]
[Date "2003.02.25"]
[Round "3.1"]
[White "Braun, Gottfried"]
[Black "Baumbach, Friedrich"]
[Result "1-0"]
[WhiteElo "2251"]
[BlackElo "2309"]
[EventDate "2003.02.23"]
[PlyCount "141"]

1.e4 c5 2.Nc3 Nc6 3.Bb5 g6 4.Bxc6 dxc6 5.d3 Bg7 6.Be3 Nf6 7.Bxc5 Qa5 8.Bd4
e5 9.Be3 Ng4 10.Bc1 f5 11.exf5 gxf5 12.Nh3 O-O 13.O-O Be6 14.Qe1 Rae8 15.
f3 Nf6 16.Qh4 Qc5+ 17.Qf2 Qxf2+ 18.Nxf2 b5 19.Be3 Rf7 20.Rfe1 Rb7 21.Re2 
a5 22.Bd2 Bf7 23.Rae1 Nd7 24.g4 b4 25.Na4 Rf8 26.gxf5 Bh5 27.Ne4 Rbb8 28.
Rf1 Be8 29.Rg2 Rxf5 30.Nd6 Rf6 31.Nxe8 Rxe8 32.b3 Ref8 33.Rg3 Kh8 34.Kg2 
Re6 35.Re1 Bf6 36.Re4 Bg7 37.Rh4 h6 38.Rhg4 Rf7 39.Rg6 Nf8 40.Rxe6 Nxe6 
41.Be3 Nf4+ 42.Bxf4 exf4 43.Rg6 Re7 44.Rxc6 Re2+ 45.Kh3 Kh7 46.Nb6 Bc3 47.
Nd5 Rxc2 48.Kg4 Rxh2 49.Nxc3 bxc3 50.Rxc3 Rxa2 51.Kxf4 a4 52.bxa4 Rxa4+ 
53.Rc4 Ra8 54.Rc7+ Kg6 55.Rc6+ Kg7 56.d4 Rf8+ 57.Kg3 Rd8 58.Rc4 Kf6 59.Kg4
Ke6 60.Rc6+ Kf7 61.Rc4 Ke6 62.f4 Rg8+ 63.Kf3 Kd5 64.Ra4 Rf8 65.Ra6 Rh8 66.
Ke3 h5 67.Ra5+ Kd6 68.f5 h4 69.Ra2 Kd5 70.Kf4 Kxd4 71.f6 1-0

[Event "EU-chT Seniors 05th"]
[Site "Dresden"]
[Date "2003.02.25"]
[Round "3.1"]
[White "Cording, Harm"]
[Black "Neubert, Gerhard"]
[Result "1/2-1/2"]
[WhiteElo "2265"]
[BlackElo "1946"]
[EventDate "2003.02.23"]
[PlyCount "90"]

1.d4 e6 2.Nf3 f5 3.g3 Nf6 4.Bg2 Be7 5.O-O O-O 6.b3 c6 7.c4 Ne4 8.Ba3 Bxa3 
9.Nxa3 d6 10.b4 Nd7 11.Qb3 Ndf6 12.c5 d5 13.b5 Bd7 14.Rab1 Qa5 15.bxc6 
Bxc6 16.Rb2 Rab8 17.Rc1 Nd7 18.Qb4 Qd8 19.Nb5 Ra8 20.Ne5 Nxe5 21.dxe5 Bxb5
22.Qxb5 Rb8 23.Qa4 Qc7 24.Qxa7 Qxe5 25.Rxb7 Ra8 26.Qb6 Rxa2 27.c6 Ra1 28.
Rf1 Nd2 29.Qb5 Nxf1 30.Bxf1 f4 31.c7 fxg3 32.hxg3 Qf5 33.Qc5 Raa8 34.Qb6 
Rac8 35.Rb8 e5 36.e4 Qd7 37.Rb7 dxe4 38.Bc4+ Kh8 39.Be6 Qd1+ 40.Kh2 Qh5+ 
41.Kg1 Qd1+ 42.Kh2 Rf6 43.Rb8 Rh6+ 44.Bh3 Rxh3+ 45.Kxh3 Qh5+ 1/2-1/2

[Event "EU-chT Seniors 05th"]
[Site "Dresden"]
[Date "2003.02.25"]
[Round "3.1"]
[White "Denda, Ronald"]
[Black "Kleinwaechter, Matthias"]
[Result "1/2-1/2"]
[WhiteElo "2080"]
[BlackElo "1974"]
[EventDate "2003.02.23"]
[PlyCount "47"]

1.e4 c5 2.c3 d6 3.d4 Nf6 4.dxc5 dxc5 5.Qxd8+ Kxd8 6.f3 Nc6 7.Be3 b6 8.Na3 
Kc7 9.Bc4 e6 10.Ne2 a6 11.Ng3 h5 12.Bf4+ Kb7 13.h4 Nd7 14.Be2 b5 15.Nc2 
Be7 16.Kf2 Nce5 17.Bxe5 Nxe5 18.f4 Ng4+ 19.Ke1 Bd7 20.Bf3 Bc6 21.Ke2 Rad8 
22.Ne3 Nxe3 23.Kxe3 g6 24.Rad1 1/2-1/2

[Event "EU-chT Seniors 05th"]
[Site "Dresden"]
[Date "2003.02.25"]
[Round "3.1"]
[White "Duemmke, Juergen"]
[Black "Stavenhagen, Johannes"]
[Result "1-0"]
[WhiteElo "2187"]
[BlackElo "1861"]
[EventDate "2003.02.23"]
[PlyCount "109"]

1.e4 d5 2.exd5 Qxd5 3.Nc3 Qa5 4.d4 Nf6 5.Nf3 c6 6.Bc4 Bg4 7.h3 Bf5 8.Bd2 
e6 9.Nd5 Qd8 10.Nxf6+ gxf6 11.O-O Rg8 12.Kh1 Bd6 13.Bc3 Na6 14.Bd3 Bg6 15.
d5 Bxd3 16.Qxd3 cxd5 17.Qxh7 Ke7 18.Rfe1 Rg6 19.Nh4 Qg8 20.Nxg6+ Qxg6 21.
Qxg6 fxg6 22.Rad1 Kf7 23.g4 g5 24.Re3 Bf4 25.Rf3 Rc8 26.h4 Rh8 27.h5 Nc5 
28.Bd4 Ne4 29.Kg2 a6 30.Rb3 b5 31.a4 Nd2 32.Rxd2 Bxd2 33.axb5 axb5 34.Rxb5
e5 35.Rb7+ Ke6 36.Bc5 d4 37.b4 Kd5 38.Rf7 Kc4 39.Rxf6 Bxb4 40.Bxb4 Kxb4 
41.Kf3 Kc3 42.Rc6+ Kd2 43.Ke4 Ke2 44.Kxe5 Kxf2 45.Kf5 Kg3 46.h6 Kh4 47.Kg6
Kxg4 48.h7 Rd8 49.Kg7 Rd7+ 50.Kh6 Rd8 51.Rg6 d3 52.Rxg5+ Kf4 53.cxd3 Rxd3 
54.h8=Q Rh3+ 55.Rh5 1-0

[Event "EU-chT Seniors 05th"]
[Site "Dresden"]
[Date "2003.02.25"]
[Round "3.1"]
[White "Eskandary, Jahja"]
[Black "Hamm, Georg"]
[Result "1-0"]
[WhiteElo "2172"]
[BlackElo "2059"]
[EventDate "2003.02.23"]
[PlyCount "103"]

1.e4 c6 2.d4 g6 3.Nc3 Bg7 4.Bc4 d6 5.Nge2 Nd7 6.Be3 Ngf6 7.f3 b5 8.Bb3 a5 
9.a3 Ba6 10.Qd2 Qc7 11.Bh6 Bf8 12.Bxf8 Nxf8 13.O-O c5 14.dxc5 Qxc5+ 15.Kh1
N8d7 16.Nd5 Bb7 17.Nef4 Nxd5 18.Bxd5 Qb6 19.Bxb7 Qxb7 20.Nd5 h5 21.Qc3 O-O
22.Nxe7+ Kh7 23.Nd5 Rfc8 24.Qd2 Ra6 25.c3 Ne5 26.Rad1 Qa7 27.Qg5 Nc4 28.g4
hxg4 29.Nf6+ Kg7 30.Nxg4 Rh8 31.Qxb5 Ne5 32.Nxe5 dxe5 33.Qxe5+ Kh7 34.Qd4 
Qb8 35.Rf2 Rb6 36.b4 axb4 37.axb4 Rc8 38.Rfd2 Rbc6 39.Rd3 Qf4 40.e5 Qf5 
41.Qd7 Qxe5 42.Qxf7+ Kh6 43.Rd4 Rf6 44.Rh4+ Kg5 45.Qd7 Rfc6 46.f4+ Qxf4 
47.Rxf4 Kxf4 48.Rd4+ Kg5 49.Qg4+ Kf6 50.c4 Re6 51.Kg2 Re1 52.Qf4+ 1-0

[Event "EU-chT Seniors 05th"]
[Site "Dresden"]
[Date "2003.02.25"]
[Round "3.1"]
[White "Hecht, Hans Joachim"]
[Black "Littlewood, John Eric"]
[Result "1-0"]
[WhiteElo "2381"]
[BlackElo "2281"]
[EventDate "2003.02.23"]
[PlyCount "117"]

1.Nf3 Nf6 2.c4 g6 3.Nc3 d5 4.cxd5 Nxd5 5.Qa4+ Nc6 6.Ne5 Nb4 7.Nxc6 Nxc6 8.
e3 Bg7 9.d4 O-O 10.Be2 e5 11.d5 Ne7 12.e4 c6 13.Bg5 f6 14.Be3 cxd5 15.Nxd5
Nxd5 16.Bc4 f5 17.Bxd5+ Kh8 18.Bc5 Qe8 19.Qxe8 Rxe8 20.O-O-O fxe4 21.Bf7 
Bg4 22.Bxe8 Bxd1 23.Rxd1 Rc8 24.b4 b6 25.Bd7 Rc7 26.Bc6 Bh6+ 27.Kb2 bxc5 
28.b5 e3 29.fxe3 Bxe3 30.Rd8+ Kg7 31.Kb3 Kf6 32.Kc4 Ke7 33.Re8+ Kd6 34.
Rd8+ Ke7 35.Rh8 Kd6 36.a4 Rf7 37.g3 a6 38.Be4 axb5+ 39.axb5 Kc7 40.Ra8 Rd7
41.Bd5 Rd6 42.Ra7+ Kb6 43.Rb7+ Ka5 44.Rxh7 Bg1 45.h4 Bf2 46.g4 e4 47.h5 
gxh5 48.gxh5 e3 49.Re7 Kb6 50.h6 e2 51.h7 Bd4 52.Rxe2 Rh6 53.Re7 Rh3 54.
Rb7+ Ka5 55.Ra7+ Kb6 56.Ra6+ Kc7 57.b6+ Kd7 58.Be6+ Kc6 59.Bxh3 1-0

[Event "EU-chT Seniors 05th"]
[Site "Dresden"]
[Date "2003.02.25"]
[Round "3.1"]
[White "Hempson, Peter W"]
[Black "Schmidt, Gerhard"]
[Result "0-1"]
[WhiteElo "2197"]
[BlackElo "2225"]
[EventDate "2003.02.23"]
[PlyCount "127"]

1.d4 Nf6 2.c4 e6 3.Nc3 d5 4.Bg5 Be7 5.e3 O-O 6.Rc1 h6 7.Bh4 c6 8.Nf3 Ne4 
9.Bxe7 Qxe7 10.Nxe4 dxe4 11.Ne5 Nd7 12.Nxd7 Bxd7 13.Qc2 f5 14.g3 e5 15.
dxe5 Qxe5 16.c5 Be6 17.Bc4 Rad8 18.Qb3 Bxc4 19.Rxc4 Qe6 20.O-O Rd3 21.Qa4 
a6 22.Rcc1 Rfd8 23.a3 Kh7 24.Qc4 Qxc4 25.Rxc4 Rb3 26.Rc2 Kg6 27.Rfc1 Kg5 
28.h3 Kf6 29.Kf1 g5 30.h4 gxh4 31.gxh4 f4 32.exf4 Rh3 33.Rc4 Kf5 34.Ke2 
Rxh4 35.Rg1 Rd7 36.Rg8 Kxf4 37.Rf8+ Ke5 38.Re8+ Kf5 39.Rf8+ Ke6 40.Re8+ 
Kf5 41.Rf8+ Ke5 42.Re8+ Kd5 43.Rc1 Rf7 44.Rd8+ Ke5 45.Re8+ Kf5 46.Rc4 Rf4 
47.Rc3 h5 48.Rh8 h4 49.Rh3 Ke5 50.Rh2 Kd4 51.b4 Rf3 52.Rd8+ Kc4 53.Rxh4 
Rxf2+ 54.Ke3 Kb3 55.Rd7 Rxd7 56.Kxf2 Re7 57.Rh3+ e3+ 58.Ke2 Kxa3 59.Rh4 
Ka4 60.Rg4 Kb5 61.Rh4 a5 62.bxa5 Kxc5 63.Rh1 Re5 64.Re1 0-1

[Event "EU-chT Seniors 05th"]
[Site "Dresden"]
[Date "2003.02.25"]
[Round "3.1"]
[White "Holt, Trevor J"]
[Black "Pojedziniec, Wladyslaw"]
[Result "0-1"]
[WhiteElo "1776"]
[BlackElo "2225"]
[EventDate "2003.02.23"]
[PlyCount "45"]

1.e4 c5 2.d4 cxd4 3.Nf3 e6 4.c3 d3 5.Bxd3 Nc6 6.O-O d6 7.Qe2 Nf6 8.Rd1 Qc7
9.h3 a6 10.Nbd2 Be7 11.Nf1 O-O 12.Be3 d5 13.Ng3 dxe4 14.Nxe4 Nd5 15.Rac1 
h6 16.Bb1 f5 17.Ned2 Bd6 18.Nc4 Bf4 19.Bb6 Nxb6 20.Nxb6 Bxc1 21.Nxa8 Bxb2 
22.c4 e5 23.Nb6 0-1

[Event "EU-chT Seniors 05th"]
[Site "Dresden"]
[Date "2003.02.25"]
[Round "3.1"]
[White "Johannessen, Svein"]
[Black "Turikov, Viktor"]
[Result "1/2-1/2"]
[WhiteElo "2337"]
[BlackElo "2370"]
[EventDate "2003.02.23"]
[PlyCount "45"]

1.Nf3 b6 2.c4 Bb7 3.Nc3 Nf6 4.d3 e6 5.e4 d6 6.g3 Be7 7.Bg2 c5 8.O-O O-O 9.
a3 Nc6 10.Rb1 Nd7 11.b4 Bf6 12.Bd2 Nde5 13.Ne1 Nd4 14.f4 Nec6 15.Nf3 Nxf3+
16.Bxf3 Nd4 17.Bg2 Qd7 18.Rf2 g6 19.Ne2 Bg7 20.Be3 Rac8 21.Nxd4 cxd4 22.
Bd2 Rc7 23.b5 1/2-1/2

[Event "EU-chT Seniors 05th"]
[Site "Dresden"]
[Date "2003.02.25"]
[Round "3.1"]
[White "Keller, Dieter"]
[Black "Kort, Jacob"]
[Result "0-1"]
[WhiteElo "2385"]
[BlackElo "2225"]
[EventDate "2003.02.23"]
[PlyCount "44"]

1.e4 e5 2.Nf3 Nc6 3.Bb5 g6 4.c3 Nge7 5.O-O Bg7 6.d4 exd4 7.cxd4 d5 8.exd5 
Nxd5 9.Re1+ Be6 10.Ne5 O-O 11.Bxc6 bxc6 12.Nxc6 Qd6 13.Ne5 Rfd8 14.Nd2 Nb4
15.Ndf3 Bxa2 16.Rxa2 Nxa2 17.Nxf7 Kxf7 18.Ng5+ Kg8 19.Qb3+ Qd5 20.Re8+ Bf8
21.Rxf8+ Kxf8 22.Ne6+ Kg8 0-1

[Event "EU-chT Seniors 05th"]
[Site "Dresden"]
[Date "2003.02.25"]
[Round "3.1"]
[White "Uhlmann, Wolfgang"]
[Black "Rosen, Willy"]
[Result "1-0"]
[WhiteElo "2446"]
[BlackElo "2326"]
[EventDate "2003.02.23"]
[PlyCount "43"]

1.c4 e5 2.Nc3 Nf6 3.Nf3 Nc6 4.g3 d5 5.cxd5 Nxd5 6.Bg2 Nb6 7.a3 Be7 8.b4 
Be6 9.O-O O-O 10.d3 f6 11.Be3 Nd4 12.Bxd4 exd4 13.Nb5 c5 14.bxc5 Bxc5 15.
Rc1 a6 16.Rxc5 axb5 17.Rxb5 Rxa3 18.Rb4 Nd5 19.Nxd4 Nc3 20.Qc1 Qa5 21.Rxb7
Rd8 22.Qe3 1-0

[Event "EU-chT Seniors 05th"]
[Site "Dresden"]
[Date "2003.02.25"]
[Round "3.1"]
[White "Weber, Bernd"]
[Black "Vasiukov, Evgeni"]
[Result "1-0"]
[WhiteElo "2115"]
[BlackElo "2542"]
[EventDate "2003.02.23"]
[PlyCount "71"]

1.d4 Nf6 2.Nf3 b5 3.e3 a6 4.a4 b4 5.Nbd2 Bb7 6.Bd3 e6 7.O-O c5 8.e4 cxd4 
9.Nxd4 Qc7 10.Qe2 Nc6 11.N2b3 Ne5 12.f4 Nxd3 13.cxd3 Be7 14.Be3 O-O 15.
Rfc1 Qd8 16.h3 g6 17.Rc2 Ne8 18.Nc5 Bc8 19.a5 Rb8 20.Ndb3 f5 21.Na4 Bd6 
22.e5 Bc7 23.Nb6 Rf7 24.Rac1 g5 25.g3 gxf4 26.gxf4 Rg7+ 27.Kh2 Bb7 28.Rg1 
Rxg1 29.Bxg1 Nf6 30.Nc5 Bxb6 31.Nxb7 Ng4+ 32.Kg3 Qe7 33.axb6 Nh6 34.Nd6 b3
35.Rc8+ Rxc8 36.Nxc8 1-0

[Event "EU-chT Seniors 05th"]
[Site "Dresden"]
[Date "2003.02.25"]
[Round "3.1"]
[White "Wicklund Hansen, Richard"]
[Black "Neukirch, Detlef"]
[Result "0-1"]
[WhiteElo "2046"]
[BlackElo "2287"]
[EventDate "2003.02.23"]
[PlyCount "114"]

1.Nf3 Nf6 2.g3 d5 3.Bg2 e6 4.d3 c5 5.Nbd2 Nc6 6.O-O Be7 7.e4 b6 8.c3 Bb7 
9.Re1 Qc7 10.Nf1 O-O-O 11.e5 Nd7 12.d4 h6 13.Be3 g5 14.h3 f6 15.dxc5 fxe5 
16.cxb6 axb6 17.N1h2 Kb8 18.b4 e4 19.Nd4 Nxd4 20.Bxd4 e5 21.Be3 Qxc3 22.
Bd2 Qd4 23.a3 h5 24.Nf1 g4 25.h4 Rhf8 26.Qe2 Qd3 27.Qxd3 exd3 28.a4 Bd6 
29.a5 e4 30.a6 Bc6 31.b5 Bxb5 32.a7+ Kb7 33.Ra2 Bc4 34.Ra4 b5 35.Rxe4 bxa4
36.Rxc4 Nb6 37.Rc3 Kxa7 38.Be3 Rc8 39.Rxd3 Bc5 40.Bf4 Rfe8 41.Ne3 d4 42.
Nc2 Rcd8 43.Bf1 Nc4 44.Rd1 d3 45.Rxd3 Rxd3 46.Bxd3 Ne5 47.Bb5 Nf3+ 48.Kf1 
Re4 49.Bc1 a3 50.Bd3 Ra4 51.Bb5 Ra5 52.Be2 Nd4 53.Bd2 Ra4 54.Na1 Nxe2 55.
Kxe2 Re4+ 56.Kd3 Rd4+ 57.Kc2 Rxd2+ 0-1

[Event "EU-chT Seniors 05th"]
[Site "Dresden"]
[Date "2003.02.25"]
[Round "3.2"]
[White "Chernikov, Oleg L"]
[Black "Starke, Burkhard"]
[Result "1-0"]
[WhiteElo "2459"]
[BlackElo "2080"]
[EventDate "2003.02.23"]
[PlyCount "47"]

{SCHACH-Magazin64 05/2003} 
1.d4 Nf6 2.Bg5 e6 3.e4 h6 4.Bxf6 Qxf6 5.Nf3 b6 6.Bd3 Bb7 7.O-O g5 8.c3 Nc6
9.Nbd2 Be7 10.Nc4 O-O-O 11.b4 d5 12.exd5 exd5 13.Ne3 h5 14.Nf5 Bf8 15.Re1 
Kb8 16.Ne5 Ne7 17.b5 Nxf5 18.Qf3 Bd6 19.Qxf5 Qg7 $2 
    ( {Vorzuziehen war} 19...Qxf5 {mit nur leichtem Vorteil für Weiss.} )
20.Nxf7 $1 {Dies sieht wie ein Fehler aus, ist aber in Wirklichkeit der 
Gewinnzug.} 20...Rdf8 21.Nxh8 Qxh8 
    ( 21...Rxf5 22.Re8+ Bc8 23.Bxf5 $18 )
22.Qg6 Bc8 23.Re2 Bg4 24.Re3 1-0

[Event "EU-chT Seniors 05th"]
[Site "Dresden"]
[Date "2003.02.25"]
[Round "3.2"]
[White "Golcman, Evgeny"]
[Black "Hoen, Ragnar Harald"]
[Result "0-1"]
[WhiteElo "2350"]
[BlackElo "2269"]
[EventDate "2003.02.23"]
[PlyCount "76"]

1.c4 e6 2.Nf3 d5 3.d4 Nf6 4.Nc3 Be7 5.g3 O-O 6.Bg2 c6 7.Qb3 Nbd7 8.O-O b6 
9.Bf4 Ba6 10.cxd5 Nxd5 11.Qa4 Bb7 12.Bd2 c5 13.Rad1 cxd4 14.Qxd4 Bf6 15.
Qd3 Nc5 16.Qb1 Qe7 17.Rc1 Nxc3 18.Bxc3 Be4 19.Qa1 Bxc3 20.Rxc3 a5 21.Qc1 
Rfd8 22.Qe3 Qb7 23.Rfc1 Rac8 24.h4 h6 25.g4 Bd5 26.Ne1 Bxg2 27.Nxg2 Nd7 
28.g5 Rxc3 29.Rxc3 hxg5 30.hxg5 Nc5 31.f3 Rd1+ 32.Kf2 Qd5 33.Qf4 Qd8 34.
Ne3 Rd4 35.Qe5 Rd2 36.Nc4 Rd5 37.Qe3 Rxg5 38.Rc1 Rh5 0-1

[Event "EU-chT Seniors 05th"]
[Site "Dresden"]
[Date "2003.02.25"]
[Round "3.2"]
[White "Kahn, Manfred"]
[Black "Farrand, Julian"]
[Result "1/2-1/2"]
[WhiteElo "2187"]
[BlackElo "2002"]
[EventDate "2003.02.23"]
[PlyCount "61"]

1.d4 d6 2.g3 Nd7 3.Bg2 e5 4.e4 Ngf6 5.Ne2 Be7 6.O-O O-O 7.c4 Re8 8.Nbc3 c6
9.h3 Bf8 10.Be3 a6 11.a4 b6 12.Qc2 Bb7 13.g4 Qc7 14.Ng3 d5 15.exd5 cxd5 
16.g5 exd4 17.Bxd4 Qxc4 18.gxf6 Qxd4 19.fxg7 Bxg7 20.Nxd5 Bxd5 21.Rad1 Qc4
22.Qxc4 Bxc4 23.Rxd7 Bxf1 24.Bxa8 Bxh3 25.Ra7 a5 26.Bd5 Be6 27.Bxe6 fxe6 
28.b3 Bd4 29.Rd7 Be5 30.Rb7 Bd4 31.Rd7 1/2-1/2

[Event "EU-chT Seniors 05th"]
[Site "Dresden"]
[Date "2003.02.25"]
[Round "3.2"]
[White "Krawiec, Witold"]
[Black "Norman, Dinah M"]
[Result "1/2-1/2"]
[WhiteElo "1903"]
[BlackElo "2021"]
[EventDate "2003.02.23"]
[PlyCount "56"]

1.e4 c6 2.d4 d5 3.exd5 cxd5 4.Bd3 Nc6 5.c3 Nf6 6.Bf4 Bg4 7.f3 Bh5 8.Ne2 e6
9.Ng3 Bg6 10.Qe2 Be7 11.Nd2 Rc8 12.Be3 a6 13.f4 Bxd3 14.Qxd3 O-O 15.Nf3 
Na5 16.O-O Nc4 17.Bc1 Nd6 18.Ne5 Nde4 19.f5 b5 20.fxe6 fxe6 21.Nxe4 Nxe4 
22.Bd2 Bf6 23.Ng4 Qb6 24.Nxf6+ Nxf6 25.a3 Ne4 26.Be3 a5 27.Rxf8+ Rxf8 28.
Rf1 Rxf1+ 1/2-1/2

[Event "EU-chT Seniors 05th"]
[Site "Dresden"]
[Date "2003.02.25"]
[Round "3.2"]
[White "Lieb, Harald"]
[Black "Starck, Bodo"]
[Result "1/2-1/2"]
[WhiteElo "2336"]
[BlackElo "2252"]
[EventDate "2003.02.23"]
[PlyCount "44"]

1.d4 Nf6 2.Nf3 d5 3.c4 c6 4.Nc3 dxc4 5.a4 Bf5 6.e3 e6 7.Bxc4 Bb4 8.O-O O-O
9.Qe2 Nbd7 10.e4 Bg6 11.e5 Nd5 12.Bd2 Be7 13.Rac1 Nb4 14.Ne4 Nb6 15.Bb3 
N6d5 16.Rfd1 Qb6 17.Bg5 Bxg5 18.Nfxg5 h6 19.Nf3 Nf4 20.Qe3 Nbd5 21.Bxd5 
Nxd5 22.Qe2 Bxe4 1/2-1/2

[Event "EU-chT Seniors 05th"]
[Site "Dresden"]
[Date "2003.02.25"]
[Round "3.2"]
[White "Mueckan, Friedbert"]
[Black "Watzka, Horst"]
[Result "1/2-1/2"]
[WhiteElo "1938"]
[BlackElo "2337"]
[EventDate "2003.02.23"]
[PlyCount "28"]

1.e4 c5 2.Nf3 e6 3.Be2 Nc6 4.O-O Qc7 5.Nc3 a6 6.a4 Nf6 7.d3 Be7 8.Bg5 d6 
9.Qd2 h6 10.Bh4 Nd4 11.Bg3 Nxe2+ 12.Qxe2 e5 13.Nd2 g5 14.a5 Be6 1/2-1/2

[Event "EU-chT Seniors 05th"]
[Site "Dresden"]
[Date "2003.02.25"]
[Round "3.2"]
[White "Mueller, Siegmar"]
[Black "Langenfeld, Heinz"]
[Result "0-1"]
[WhiteElo "1821"]
[BlackElo "1942"]
[EventDate "2003.02.23"]
[PlyCount "85"]

1.Nc3 d5 2.e4 d4 3.Nce2 c5 4.Ng3 e5 5.Bb5+ Bd7 6.Bxd7+ Nxd7 7.d3 Ngf6 8.f4
Be7 9.fxe5 Nxe5 10.Nf3 Ng6 11.O-O O-O 12.Nf5 Nd7 13.Nxe7+ Qxe7 14.Bd2 Nde5
15.Nxe5 Nxe5 16.Qh5 f6 17.b3 b5 18.Bf4 Qf7 19.Qh3 Rae8 20.a4 c4 21.axb5 
cxb3 22.cxb3 Qxb3 23.Bxe5 fxe5 24.Rfb1 Qc2 25.Rf1 Qb2 26.Rxf8+ Rxf8 27.Rf1
Rxf1+ 28.Kxf1 Qxb5 29.Qe6+ Kf8 30.Ke2 Qe8 31.Qd6+ Qe7 32.Qb8+ Kf7 33.Qb3+ 
Kg6 34.Qb5 h5 35.Qa6+ Kh7 36.Qc8 Qg5 37.Ke1 Qe3+ 38.Kd1 Qxd3+ 39.Kc1 Qf1+ 
40.Kb2 Qxg2+ 41.Kb3 Qxe4 42.Qc7 Qe3+ 43.Ka4 0-1

[Event "EU-chT Seniors 05th"]
[Site "Dresden"]
[Date "2003.02.25"]
[Round "3.2"]
[White "Nautsch, Werner"]
[Black "Malich, Burkhard"]
[Result "1/2-1/2"]
[WhiteElo "2279"]
[BlackElo "2368"]
[EventDate "2003.02.23"]
[PlyCount "45"]

1.d4 d5 2.c4 dxc4 3.e3 Nf6 4.Bxc4 e6 5.Nf3 a6 6.O-O Nbd7 7.Nc3 b5 8.Bd3 c5
9.dxc5 Nxc5 10.Bc2 Qxd1 11.Rxd1 Bb7 12.b3 Be7 13.Bb2 O-O 14.Rac1 Rfc8 15.
Ne5 Rd8 16.h3 Rac8 17.Rxd8+ Rxd8 18.Rd1 Rxd1+ 19.Nxd1 Nd5 20.Nd3 f6 21.Nc3
Nb6 22.Nxc5 Bxc5 23.Be4 1/2-1/2

[Event "EU-chT Seniors 05th"]
[Site "Dresden"]
[Date "2003.02.25"]
[Round "3.2"]
[White "Potthammel, Joerg"]
[Black "Villing, Dieter"]
[Result "0-1"]
[WhiteElo "2107"]
[BlackElo "2171"]
[EventDate "2003.02.23"]
[PlyCount "62"]

1.e4 c5 2.Nf3 Nc6 3.d4 cxd4 4.Nxd4 Nf6 5.Nc3 e6 6.Nxc6 bxc6 7.e5 Nd5 8.Bd3
Nxc3 9.bxc3 Qa5 10.f4 Qxc3+ 11.Bd2 Qd4 12.Ke2 Bc5 13.Rf1 Qd5 14.Rf3 Bb6 
15.c4 Qc5 16.a4 Qe7 17.a5 Bc5 18.Qc2 Ba6 19.Kf1 Qh4 20.h3 h6 21.g4 Rb8 22.
Bc3 O-O 23.f5 exf5 24.Be1 Qe7 25.gxf5 Qxe5 26.Bc3 Bd4 27.Re1 Qf6 28.Bxd4 
Qxd4 29.f6 Rb2 30.Bh7+ Kh8 31.fxg7+ Qxg7 0-1

[Event "EU-chT Seniors 05th"]
[Site "Dresden"]
[Date "2003.02.25"]
[Round "3.2"]
[White "Richardson, Keith B"]
[Black "Opl, Klaus"]
[Result "0-1"]
[WhiteElo "2141"]
[BlackElo "2283"]
[EventDate "2003.02.23"]
[PlyCount "118"]

1.Nf3 Nf6 2.g3 g6 3.Bg2 Bg7 4.O-O O-O 5.c4 d6 6.d4 Nbd7 7.Nc3 e5 8.e4 exd4
9.Nxd4 Re8 10.Be3 Ne5 11.b3 a6 12.h3 c5 13.Nde2 Rb8 14.f4 Nc6 15.Qd2 Bd7 
16.Rad1 Qc8 17.Qxd6 Bxh3 18.e5 Bxg2 19.Kxg2 Ng4 20.Bg1 b6 21.Qd7 f6 22.
Qxc8 Rbxc8 23.Kf3 h5 24.exf6 Nxf6 25.Nd5 Nxd5 26.cxd5 Nb4 27.Rd2 a5 28.a3 
Na6 29.d6 Rcd8 30.Rfd1 Rd7 31.Rd3 Re6 32.Rd5 Bf8 33.f5 gxf5 34.Rxf5 Rexd6 
35.Rxd6 Rxd6 36.Nf4 Rd1 37.Be3 Rb1 38.Rxh5 Nc7 39.Rg5+ Kf7 40.Rf5+ Ke8 41.
Re5+ Kd7 42.b4 cxb4 43.axb4 Rxb4 44.Nd3 Rb3 45.Nc1 Rc3 46.Ke2 Bg7 47.Rh5 
Kc6 48.g4 a4 49.Rh7 Ne6 50.Kd2 Rc4 51.g5 Rg4 52.Kc2 Rg3 53.Bd2 Nd4+ 54.Kb1
Be5 55.Rh6+ Kc5 56.g6 Nb3 57.Be1 Rg2 58.Rh5 Kd6 59.Bh4 Rb2# 0-1

[Event "EU-chT Seniors 05th"]
[Site "Dresden"]
[Date "2003.02.25"]
[Round "3.2"]
[White "Rudnik, Heinz"]
[Black "Forselv, Edmund"]
[Result "1-0"]
[WhiteElo "2011"]
[BlackElo "1853"]
[EventDate "2003.02.23"]
[PlyCount "31"]

1.e4 d5 2.exd5 Qxd5 3.Nc3 Qa5 4.d4 Nf6 5.Nf3 Bf5 6.Ne5 c6 7.Bc4 e6 8.O-O 
Nbd7 9.Bf4 Bb4 10.Ne2 Nxe5 11.Bxe5 Ng4 12.Bg3 Rd8 13.c3 Bd6 14.Bxd6 Rxd6 
15.Ng3 Bg6 16.Qxg4 1-0

[Event "EU-chT Seniors 05th"]
[Site "Dresden"]
[Date "2003.02.25"]
[Round "3.2"]
[White "Schwertel, Hans"]
[Black "Jaeger, Erich"]
[Result "1/2-1/2"]
[WhiteElo "2050"]
[BlackElo "2219"]
[EventDate "2003.02.23"]
[PlyCount "38"]

1.d4 d5 2.Nf3 e6 3.Bf4 f5 4.h3 Nf6 5.e3 Bd6 6.Ne5 O-O 7.c3 c5 8.Nd2 Nc6 9.
Ndf3 c4 10.b4 Nxe5 11.Nxe5 Bxe5 12.Bxe5 Bd7 13.a4 a6 14.Be2 b5 15.a5 Be8 
16.f3 Nd7 17.Bd6 Rf7 18.Kd2 Nf6 19.Bg3 Nh5 1/2-1/2

[Event "EU-chT Seniors 05th"]
[Site "Dresden"]
[Date "2003.02.25"]
[Round "3.2"]
[White "Vink, Wim"]
[Black "Karl, Hans"]
[Result "1/2-1/2"]
[WhiteElo "2082"]
[BlackElo "2286"]
[EventDate "2003.02.23"]
[PlyCount "91"]

1.c4 Nf6 2.d4 g6 3.g3 Bg7 4.Bg2 O-O 5.Nc3 d6 6.Nf3 c6 7.O-O Nbd7 8.Qc2 e5 
9.Rd1 Qe7 10.e4 Re8 11.h3 exd4 12.Nxd4 Nc5 13.f3 a5 14.Nde2 Be6 15.Bf4 
Red8 16.b3 d5 17.cxd5 cxd5 18.exd5 Nxd5 19.Nxd5 Bxd5 20.Rac1 Ne6 21.Re1 
Bc6 22.Be3 Qf6 23.f4 Bxg2 24.Kxg2 h5 25.Qe4 Rd7 26.Rcd1 Rad8 27.Rxd7 Rxd7 
28.Rc1 Re7 29.Qd3 Kh7 30.Nc3 Rc7 31.Ne2 Rxc1 32.Bxc1 Qa1 33.Qc2 Nd4 34.
Nxd4 Qxd4 35.g4 Qd5+ 36.Kg3 Bd4 37.Bb2 Bxb2 38.Qxb2 Qd3+ 39.Kh2 h4 40.Qf2 
Kg7 41.Kg2 b5 42.g5 Qe4+ 43.Qf3 Qc2+ 44.Qf2 Qe4+ 45.Qf3 Qc2+ 46.Qf2 
1/2-1/2

[Event "EU-chT Seniors 05th"]
[Site "Dresden"]
[Date "2003.02.25"]
[Round "3.2"]
[White "Walke, Guenter"]
[Black "Tuerk, Heinz"]
[Result "0-1"]
[WhiteElo "1748"]
[BlackElo "2112"]
[EventDate "2003.02.23"]
[PlyCount "88"]

1.d4 Nf6 2.e3 g6 3.Bd3 Bg7 4.f4 d5 5.Nf3 O-O 6.O-O b6 7.Qe2 c5 8.c3 Ne4 9.
Nbd2 f5 10.Ne5 c4 11.Bc2 e6 12.Ndf3 Bb7 13.Bd2 b5 14.b4 a5 15.a3 Nd7 16.
Nxd7 Qxd7 17.Rfb1 axb4 18.axb4 Rxa1 19.Rxa1 Ra8 20.Qe1 Qd8 21.Bxe4 dxe4 
22.Ne5 Bxe5 23.fxe5 g5 24.Rxa8 Qxa8 25.Qg3 h6 26.Qe1 Qa2 27.Qc1 f4 28.Qe1 
Kg7 29.Bc1 Bd5 30.Qd2 Qxd2 31.Bxd2 f3 32.gxf3 exf3 33.Be1 Kg6 34.Kf2 Kf5 
35.Kg3 Ke4 36.Kf2 g4 37.Kf1 Kxe3 38.Bh4 Kd2 39.Be1+ Ke3 40.Bh4 h5 41.Be1 
Be4 42.Bf2+ Kd3 43.Be1 h4 44.Kf2 Bd5 0-1

[Event "EU-chT Seniors 05th"]
[Site "Dresden"]
[Date "2003.02.25"]
[Round "3.3"]
[White "Beckel, Friedrich"]
[Black "Shabanov, Yuri"]
[Result "0-1"]
[WhiteElo "2127"]
[BlackElo "2442"]
[EventDate "2003.02.23"]
[PlyCount "32"]

1.e4 e5 2.Nf3 Nc6 3.Bb5 g6 4.d4 exd4 5.Nxd4 Bg7 6.Nxc6 bxc6 7.Bc4 Ne7 8.
Nc3 Bb7 9.O-O d5 10.Bb3 O-O 11.Bg5 h6 12.Bh4 a5 13.Re1 g5 14.Bg3 Bxc3 15.
bxc3 a4 16.Qf3 Ng6 0-1

[Event "EU-chT Seniors 05th"]
[Site "Dresden"]
[Date "2003.02.25"]
[Round "3.3"]
[White "Boeckenhaupt, Rudi"]
[Black "Neumann, Horst"]
[Result "1/2-1/2"]
[WhiteElo "2145"]
[BlackElo "2018"]
[EventDate "2003.02.23"]
[PlyCount "29"]

1.e4 c6 2.d4 d5 3.e5 Bf5 4.Be3 e6 5.Ne2 Bb4+ 6.c3 Ba5 7.Ng3 Bg6 8.Nd2 Nd7 
9.Nh5 Bxh5 10.Qxh5 h6 11.Bd3 Qe7 12.f4 g6 13.Qe2 Qh4+ 14.Qf2 Qxf2+ 15.Kxf2
1/2-1/2

[Event "EU-chT Seniors 05th"]
[Site "Dresden"]
[Date "2003.02.25"]
[Round "3.3"]
[White "Eis, Helko"]
[Black "Schroeder, Christian"]
[Result "1-0"]
[WhiteElo "2092"]
[BlackElo "2152"]
[EventDate "2003.02.23"]
[PlyCount "81"]

1.Nf3 Nf6 2.c4 c5 3.g3 d5 4.cxd5 Nxd5 5.Bg2 Nc6 6.O-O e5 7.d3 Be7 8.Nc3 
Nxc3 9.bxc3 O-O 10.Rb1 Rb8 11.Nd2 Na5 12.c4 b6 13.Ne4 Bb7 14.Bb2 f5 15.Nd2
Bxg2 16.Kxg2 Qc7 17.Qc2 Nc6 18.Bc3 Bf6 19.a4 Rfe8 20.Rfd1 Re6 21.Nf1 Nd4 
22.Qa2 f4 23.Re1 Qc6+ 24.Kg1 Bg5 25.Bxd4 exd4 26.Nd2 fxg3 27.hxg3 Bxd2 28.
Qxd2 Rh6 29.f3 Qxa4 30.Kg2 Qd7 31.Rh1 Rg6 32.Rh5 Re8 33.Rh4 Qd6 34.Rf4 Qe5
35.Kf2 Qg5 36.Rg1 Qe7 37.Qa2 Qc7 38.Re4 Rxe4 39.dxe4 Qb7 40.Qa4 a5 41.Qe8#
1-0